书目信息 |
| 题名: |
爱默生演讲录
|
|
| 作者: | 爱默生, 著 ;孙宜学 译 | |
| 分册: | ||
| 出版信息: | 北京 中国人民大学出版社 2004.03 |
|
| 页数: | 318页 | |
| 开本: | 24cm | |
| 丛书名: | 朗朗书房 | |
| 单 册: | ||
| 中图分类: | C53 | |
| 科图分类: | ||
| 主题词: | 社会科学--文集 | |
| 电子资源: | ||
| ISBN: | 978-7-300-05322-6 | |
| 000 | 01146nam 2200301 450 | |
| 001 | 0131464000 | |
| 005 | 20100809091442.43 | |
| 010 | @a978-7-300-05322-6@dCNY24.80 | |
| 100 | @a20100515d2004 km y0chiy0120 ea | |
| 101 | 1 | @achi@ceng |
| 102 | @aCN@b110000 | |
| 105 | @ay z 000yy | |
| 200 | 1 | @a爱默生演讲录@AAi Mo Sheng Yan Jiang Lu@d= Ralph Waldo Emerson:Lecture@f(美) 爱默生著@F(mei)ai mo sheng zhu@g孙宜学译@Gsun yi xue yi@zeng |
| 210 | @a北京@c中国人民大学出版社@d2004.03 | |
| 215 | @a318页@d24cm | |
| 225 | 2 | @a朗朗书房@i西方文化大众精品书系 |
| 312 | @a封面英文题名:Ralph Waldo Emerson:Lecture | |
| 314 | @a本书作者汉译姓取自版权页 | |
| 330 | @a本书收录了15篇文章:《英雄主义》、《诗人》、《历史》、《哲学家柏拉图》、《美国学者》、《神学院毕业班的演讲》、《论自然》、《爱》、《友谊》等。 | |
| 410 | 0 | @12001 @a朗朗书房 |
| 410 | 0 | @12001 @a西方文化大众精品书系 |
| 500 | 10 | @aRalph Waldo Emerson:Lecture@mchi |
| 606 | 0 | @a社会科学@j文集 |
| 690 | @aC53@v4 | |
| 701 | 1 | @a爱默生,@AAi Mo Sheng,@g(Emerson, Ralph Waldo)@f1803-1882@4著 |
| 702 | 0 | @a孙宜学@Asun yi xue@4译 |
| 801 | 0 | @aCN@c20100515 |
| 905 | @dC53@eA458@f5 | |
| 爱默生演讲录= Ralph Waldo Emerson:Lecture/(美) 爱默生著/孙宜学译.-北京:中国人民大学出版社,2004.03 |
| 318页;24cm.-(朗朗书房.西方文化大众精品书系) |
| ISBN 978-7-300-05322-6:CNY24.80 |
| 本书收录了15篇文章:《英雄主义》、《诗人》、《历史》、《哲学家柏拉图》、《美国学者》、《神学院毕业班的演讲》、《论自然》、《爱》、《友谊》等。 |
| ● |
| 相关链接 |
|
|
|
正题名:爱默生演讲录
索取号:C53/A458
 
预约/预借
| 序号 | 登录号 | 条形码 | 馆藏地/架位号 | 状态 | 备注 |
| 1 | 999571 | 209995718 | 社科库509/509社科库 54排3列5层/ [索取号:C53/A458] | 在馆 | |
| 2 | 999572 | 209995727 | 社科库509/509社科库 54排3列5层/ [索取号:C53/A458] | 在馆 | |
| 3 | 999573 | 209995736 | 社科库509/509社科库 54排3列5层/ [索取号:C53/A458] | 在馆 | |
| 4 | 999574 | 209995745 | 社科库509/509社科库 54排3列5层/ [索取号:C53/A458] | 在馆 | |
| 5 | 999575 | 209995754 | 社科库509/509社科库 54排3列5层/ [索取号:C53/A458] | 在馆 |